| 000 | 00814cam a2200265Ia 4500 | ||
|---|---|---|---|
| 001 | 959887813 | ||
| 003 | AUA.1 | ||
| 005 | 20171006124629.0 | ||
| 008 | 161004s2015 mdu 000 0 eng d | ||
| 020 | _a9781943507009 | ||
| 020 | _a1943507007 | ||
| 035 | _a(OCoLC)959887813 | ||
| 040 |
_aOXG _beng _cOXG _dOCLCQ _dLMR _dEXN |
||
| 043 | _an-us-ny | ||
| 049 | _aEXNh | ||
| 050 | 4 |
_aBX6127.21 .N48 _bL86 2015 |
|
| 100 | 1 | _aLuppens, John. | |
| 245 | 1 | 0 |
_aNew York City - a symbol / _cJohn Luppens. |
| 250 | _a2nd edition, revised. | ||
| 260 |
_a[Silver Spring, MD] : _bGlobal Mission Urban Center, _c2015. |
||
| 300 |
_a99 p. : _c21 cm. |
||
| 650 | 0 |
_aSeventh-Day Adventists _zNew York (State) _zNew York. |
|
| 710 | _aRipples Ministry | ||
| 942 |
_2lcc _cBOOK _hBX 6127.21 .N48 _iL86 2015 |
||
| 999 |
_c18740 _d18740 |
||